000
00292nam a22001337a 4500
008
171030b xxu||||| |||| 00| 0 eng d
020
_a
0155056123
041
_a
eng
080
_a
33
100
_a
58
101
_a
BUS
245
_a
BUSINESS COMMUNICATION
_c
ADELSTEIN,.M.E
942
_2
udc
_c
BK
999
_c
36527
_d
36527